دراسات جدوى المشروعات بين النظرية والتطبيق / (رقم التسجيلة. 23758)

تفاصيل مارك
000 -LEADER
fixed length control field 00518nam a22001577a 4500
005 - DATE AND TIME OF LATEST TRANSACTION
control field 20251108165253.0
008 - FIXED-LENGTH DATA ELEMENTS--GENERAL INFORMATION
fixed length control field 250721s1990 xx 000 0 ara d
082 14 - DEWEY DECIMAL CLASSIFICATION NUMBER
Classification number 332.6/علي
100 1# - MAIN ENTRY--PERSONAL NAME
Personal name علي، سعيد عبد العزيز
245 10 - TITLE STATEMENT
Title دراسات جدوى المشروعات بين النظرية والتطبيق /
264 1# - PRODUCTION, PUBLICATION, DISTRIBUTION, MANUFACTURE, AND COPYRIGHT NOTICE
Place of production, publication, distribution, manufacture الإسكندرية :
Name of producer, publisher, distributor, manufacturer مؤسسة الثقافة الجامعية،
Date of production, publication, distribution, manufacture, or copyright notice 1990.
300 ## - PHYSICAL DESCRIPTION
Extent 351ص
650 17 - SUBJECT ADDED ENTRY--TOPICAL TERM
Topical term or geographic name as entry element الإستثمارات
942 ## - ADDED ENTRY ELEMENTS (KOHA)
Source of classification or shelving scheme Dewey Decimal Classification
Koha item type كتب
المقتنيات
حالة السحب حالة الفقدان مصدر التصنيف حالة التلف غير قابل للإعارة المكتبة الرئيسية المكتبة الحالية موقع الرف تاريخ التزويد الرقم المتسلسل Total Checkouts رقم الإستدعاء الباركود تاريخ آخر ظهور تاريخ الفاتورة نوع المادة (كوها)
    Dewey Decimal Classification     مكتبة الأميرة ايمان العامة مكتبة الأميرة ايمان العامة الإعارة 24/10/2013 [164420]   332.6/علي PLD00284054 28/07/2025 24/10/2013 كتب
Implemented & Customized by: BBB with SCIT (Smart Chains for Information Technology)

Powered by Koha